| 000 | 00748nas a2200253 a 4500 | ||
|---|---|---|---|
| 999 |
_c2610 _d2610 |
||
| 006 | smr|p|r|||| 00| 01 | ||
| 007 | ta | ||
| 008 | 200630c19799999ii mr|p| |||| 00| a1eng d | ||
| 040 |
_aKO _beng |
||
| 041 | 0 | _aeng | |
| 044 | _aii | ||
| 082 | 0 | 4 |
_223 _a338.005 _bC489 |
| 245 | 1 | 0 |
_aCII Communique : _bJournal of the Confederation of Indian Industry |
| 260 |
_aNew Delhi : _bConfederation of Indian Industry, _c1979-- |
||
| 300 |
_a-v : _bcol. ill. ; _c27 cm. |
||
| 310 |
_aMonthly _b(Jan 1979)- |
||
| 362 | _aVol. 1, no. 1 (Jan 1979)- | ||
| 650 | 0 |
_aEconomic development _vPeriodical _zIndia |
|
| 650 | 0 |
_aIndustrial management _vPeriodical _zIndia |
|
| 710 | _aConfederation of Indian Industry | ||
| 904 | _aReshma_R | ||
| 942 | _cPE | ||